Kartkówka z wiedzy ogólnej. #11 - Statystyki

Ogólne statystyki
  • Ten quiz został rozwiązany 32 razy
  • Średni wynik to 5 z 10
Statystyki odpowiedzi
Hint Odpowiedź % Poprawnych
Wiatr wiejący od morza do lądu w dzień, a w nocy odwrotnie to: Bryza
92%
Jaki przydomek nosił władca Polski Bolesław III, który rozpoczął okres rozbicia dzielnicowego kraju? Krzywousty
84%
Kto był mężem królowej polskiej Jadwigi Andegaweńskiej. Władysław Jagiełło
64%
Kto był reżyserem w/w filmu? Juliusz Machulski
52%
Największy gryzoń żyjący w Polsce to: Bóbr
44%
Do jakiej rzeki uchodzi, przepływająca m.in. przez Łęczną, rzeka Świnka. To proste :) Wieprz
40%
Kto był odtwórcą roli Ferdynanda Lipskiego w filmie "Kiler"? Jan Englert
36%
Trener reprezentacji Polski w piłce nożnej, który wywalczył mistrzostwo kraju prowadząc Piast Gliwice to: Waldemar Fornalik
36%
Jedyny polski mistrz świata w kolarstwie szosowym w erze "open" (2014r.) to: Michał Kwiatkowski
24%
Tylko jeden z polskich dzięciołów migruje z kraju w okresie zimowym. Jaki? Krętogłów
8%
Nie znaleziono quizów pasujących do podanych kryteriów
Rozkład punktacji
Procent ludzi z każdym wynikiem
Percentyl według liczby udzielonych odpowiedzi
Twoja historia wyników
Nie rozwiązałeś tego quizu